000
00260nam a2200109Ia 4500
008
220204s9999 xx 000 0 und d
082
_a
301
_b
INK
100
_a
Inkeles, A
245
0
_a
What is sociology
260
_a
New Delhi
_b
Prentice Hall
_c
1977
942
_c
BK
999
_c
29600
_d
29600